Word Ladder: Feelings Quiz Stats

Quiz Updated Feb 10, 2015

Challenge
Share
Tweet
Embed
Score 0/30 Timer 03:00
0 Plays Today
Clue 4-Letter Word % Correct
Place to bake a cakeOVEN
96%
Actor Penn or ConnerySEAN
95.5%
Shut a door loudlySLAM
93.6%
Viewed, as a movieSEEN
93.5%
Luke Wilson's acting brotherOWEN
92.4%
Stefani of 'No Doubt'GWEN
91.8%
Lima or wax, e.g.BEAN
91.5%
HappyGLAD
90.7%
'Frozen' reindeerSVEN
90.3%
Component of a necklaceBEAD
90.2%
A dilapidated urban areaSLUM
89.6%
Pitt of 'Twelve Monkeys'BRAD
89.2%
Sticky stuffGLUE
88%
An alumGRAD
87.9%
Ma's maGRAN
85.6%
Clue 4-Letter Word % Correct
Happy facial expressionGRIN
85.2%
A secluded, narrow valleyGLEN
83.8%
SadGLUM
83.7%
HappinessGLEE
83%
David Bowie's musical style, onceGLAM
82.5%
SadBLUE
80.9%
An impudent childBRAT
80.9%
Actress Drescher of 'The Nanny'FRAN
79.6%
A derogatory commentSLUR
74.9%
ΒΘΠ or ΔΥ, e.g.FRAT
73.3%
Band that sang 'Song 2'BLUR
71.2%
Very dry, like a champagneBRUT
71.1%
A boxing matchBOUT
69.9%
A surplusGLUT
69.1%
Joint problemGOUT
67.4%

Today's Daily Dose

Word Ladder
Summertime

On This Day
June 23rd II

You're not logged in!

Compare scores with friends on all Sporcle quizzes.
Join for Free
OR
Log In

You Might Also Like...

Show Comments

Extras

Top Quizzes Today


Score Distribution

Your Account Isn't Verified!

In order to create a playlist on Sporcle, you need to verify the email address you used during registration. Go to your Sporcle Settings to finish the process.

Report this User

Report this user for behavior that violates our Community Guidelines.

Details: